000 00549cam a22002053a 4500
001 38515
003 PGUSA
005 20140828083841.0
008 120107s2012||||xxu|||||s|||||000 | eng d
040 _aPGUSA
_beng
042 _adc
100 1 _aNansen, Peter
245 1 0 _aJulies Dagbog
_h[electronic resource] /
_cPeter Nansen
260 _bProject Gutenberg,
_c2012
506 _aPublic domain in the USA.
516 _aElectronic text
830 0 _aProject Gutenberg
_v38515
856 4 0 _uhttp://www.gutenberg.org/ebooks/38515
942 _cEB
999 _c267769
_d267769